The Happiest Countries - Statistics

General Stats
  • This quiz has been taken 60 times
  • The average score is 22 of 30
Answer Stats
Average Life Evaluation Country % Correct
7.741 Finland
96%
7.302 Norway
96%
7.344 Sweden
96%
6.725 United States
93%
7.057 Australia
91%
6.900 Canada
91%
7.583 Denmark
91%
6.719 Germany
91%
6.749 United Kingdom
89%
6.609 France
87%
6.838 Ireland
85%
7.319 Netherlands
85%
7.060 Switzerland
85%
6.905 Austria
83%
6.894 Belgium
83%
7.525 Iceland
83%
7.029 New Zealand
83%
7.122 Luxembourg
81%
6.822 Czechia
74%
6.523 Singapore
69%
6.678 Mexico
67%
6.743 Slovenia
63%
6.733 United Arab Emirates
59%
7.341 Israel
52%
6.818 Lithuania
46%
6.955 Costa Rica
37%
6.594 Saudi Arabia
35%
6.611 Uruguay
35%
6.951 Kuwait
30%
6.561 Kosovo
11%
No matching quizzes found
Score Distribution
Percent of People with Each Score
Percentile by Number Answered
Your Score History
You have not taken this quiz